000
00270nam a2200109Ia 4500
008
200302s9999 xx 000 0 und d
100
_a
Brian Taylor and Other
245
_a
Ceramic Glazes the complete handbook
260
_b
United Kindom
260
_c
2014
300
_a
320
999
_c
7388
_d
7388